Отношения и переписка с русским генеральным консулом. Прошения, рапорты драгоманов и других служащих русского консульства в Егип...

RUSMARC
00005682cbc2a2200253#x 450
00156aca8f1-1303-4257-80ad-fc9b1d047ed0
00520230309095235.0
100##$a20191114l18191820k l0rusy0189 ca
1010#$arus
$aita
$afre
102##$aRU
105##$ay###
1222#$ad18190519##
$ad18200402##
2001#$aОтношения и переписка с русским генеральным консулом. Прошения, рапорты драгоманов и других служащих русского консульства в Египте. Заявления частных лиц, находящихся под покровительством России, а также и русских подданных, проживающих в Египте
$j19 мая 1819 г. - 2 апреля 1820 г.
215##$a36 листов
$d37,5х26 см
251##$cДело
300##$aДокументы, относящиеся к служебной деятельности Дмитрия Васильевича Дашкова
300##$aНа французском и итальянском языках
371##$aДокумент не является опубликованным и широко распространяемым
461#0$1001d56981ab-9658-40a2-9016-82b8392d7b06
$12001
$aДашковы: Дмитрий Васильевич (1788-1839), советник русского посольства в Константинополе, товарищ министра внутренних дел, министр юстиции; его сыновья: Дмитрий Дмитриевич (1833-1901), земский деятель; Андрей Дмитриевич
$1251
$cФонд
$1852
$j1630
462#0$10015406667c-64fb-47ef-8cca-6b913b951ed1
$12001
$aДокументы, связанные со служебной деятельностью Д. В. Дашкова, личные документы, переписка и материалы об имуществе Дашковых
$vД. 37
$1251
$cОпись
$1852
$j1
801#0$aRU
$bРГИА
$c20191114
801#1$aRU
$bГлавНИВЦ
$c20191114
$2rusmarc
801#2$aRU
$bПБ им. Б.Н. Ельцина
$c20200909
$gRCR
$2rusmarc
850##$aФедеральное казенное учреждение "Российский государственный исторический архив"
852##$aРГИА
$j37
937##$hРГИА
$d12324048
$aASBIBLIO_SCAN
035##$aRusGRCC00000502
856##$uhttp://readingroom.main.prlib.ru/item.aspx?id_node=n147187083&mode=full
607##$2prlib_sh
$3LIBNET\UAF\0000106540
$aЕгипет
$jАрхивные дела
$xВзаимоотношения
$yРоссия
$z19 в.
607##$2prlib_sh
$3LIBNET\UAF\0000106541
$aРоссия
$jАрхивные дела
$xВзаимоотношения
$yЕгипет
$z19 в.
617##$2prlib_sh
$aЕгипет
605##$2acquisition_Prlib
$3LIBNET\UAF\0000106523
$aРоссия и страны Африки: из истории взаимоотношений
$lколлекция
686##$2rubbk
$a63.3(2)5-64(6Еги)ю1
$vLBC/M
686##$2rubbk
$a63.3(6Еги)5-64(2)ю1
$vLBC/M
Формат отображения